Introduction to economics : (Record no. 9239)

MARC details
000 -LEADER
fixed length control field 00547cam a2200205ua 4500
008 - FIXED-LENGTH DATA ELEMENTS--GENERAL INFORMATION
fixed length control field 190125n ii |||gr||||Z||||||eng
020 ## - INTERNATIONAL STANDARD BOOK NUMBER
International Standard Book Number 8176800481
040 ## - CATALOGING SOURCE
Transcribing agency MAIN
041 ## - LANGUAGE CODE
-- eng
082 ## - DEWEY DECIMAL CLASSIFICATION NUMBER
Classification number 330
100 ## - MAIN ENTRY--PERSONAL NAME
Personal name Goel, JP,
Relator term
245 ## - TITLE STATEMENT
Title Introduction to economics :
Remainder of title class XII /
Statement of responsibility, etc. By J.P. Goel and H Goswami .
260 ## - PUBLICATION, DISTRIBUTION, ETC.
Place of publication, distribution, etc. Dibrugarh:
Name of publisher, distributor, etc. Tushar publishing house.,
Date of publication, distribution, etc. 2017-18.
300 ## - PHYSICAL DESCRIPTION
Extent 440+4p.
700 ## - ADDED ENTRY--PERSONAL NAME
Personal name Goswami, H,
Relator term
942 ## - ADDED ENTRY ELEMENTS (KOHA)
Koha item type Books
653 ## - INDEX TERM--UNCONTROLLED
Uncontrolled term Economics
653 ## - INDEX TERM--UNCONTROLLED
Uncontrolled term High secondary economics
Holdings
Withdrawn status Lost status Damaged status Not for loan Home library Current library Shelving location Date acquired Total Checkouts Full call number Barcode Date last seen Date last checked out Copy number Price effective from Koha item type Date due
        Central Library, Naharkatiya College Central Library, Naharkatiya College General Stacks 19/09/2020 10 330 | GOE 23881 26/09/2022 12/09/2022 5 19/09/2020 Books  
        Central Library, Naharkatiya College Central Library, Naharkatiya College General Stacks 19/09/2020 22 330 | GOE 23882 14/08/2024 09/08/2024 4 19/09/2020 Books  
        Central Library, Naharkatiya College Central Library, Naharkatiya College General Stacks 19/09/2020 1 330 | GOE 23883 28/11/2020 28/11/2020 1 19/09/2020 Books  
        Central Library, Naharkatiya College Central Library, Naharkatiya College General Stacks 19/09/2020   330 | GOE 23884 24/09/2021   2 19/09/2020 Books  
        Central Library, Naharkatiya College Central Library, Naharkatiya College General Stacks 19/09/2020 20 330 | GOE 23885 04/11/2025 04/11/2025 3 19/09/2020 Books 19/11/2025

Naharkatiya College © 2020. All rights reserved.

Powered By